Green management hotelu jako nástroj ochrany destinace cestovního ruchu: případová studie
Dopad celosvetového rastu cestovného ruchu na životné prostredie ako jedna z hlavných tém v hotelierstve. Environmentálne vedomie hotelov a angažovanosť v environmentálnych postupoch a ich snaha prispieť k zlepšeniu životného prostredia na lokálnej aj národnej úrovni. Analýza uplatňovania environmen...
Enregistré dans:
| Auteur principal: | |
|---|---|
| Autres auteurs: | |
| Format: | Chapitre de livre |
| Langue: | tchèque |
| Sujets: | |
| Tags: |
Pas de tags, Soyez le premier à ajouter un tag!
|
MARC
| LEADER | 00000nla a2200000 4500 | ||
|---|---|---|---|
| 001 | 0246071 | ||
| 005 | 20240417075141.1 | ||
| 041 | 0 | |a cze | |
| 044 | |a CZ | ||
| 245 | 1 | 0 | |a Green management hotelu jako nástroj ochrany destinace cestovního ruchu: případová studie |c Petr Scholz, Kristýna Veverková |
| 520 | |a Dopad celosvetového rastu cestovného ruchu na životné prostredie ako jedna z hlavných tém v hotelierstve. Environmentálne vedomie hotelov a angažovanosť v environmentálnych postupoch a ich snaha prispieť k zlepšeniu životného prostredia na lokálnej aj národnej úrovni. Analýza uplatňovania environmentálnych opatrení vo vybranom zahraničnom hoteli, ktorý nedisponuje žiadnym environmentálnym certifikátom, predsa ale uplatňuje niektoré prvky green managementu. Najprínosnejší prvok hotela - zavedenie biopotravín a nakupovanie certifikovaných produktov a produktov šetrných k životnému prostrediu. | ||
| 610 | 2 | 0 | |a ruch cestovný |
| 610 | 2 | 0 | |a environmentalistika |
| 610 | 2 | 0 | |a ochrana prírody |
| 610 | 2 | 0 | |a ochrana prostredia životného |
| 610 | 2 | 0 | |a manažment environmentálny |
| 610 | 2 | 0 | |a geografia |
| 610 | 2 | 0 | |a certifikáty |
| 100 | 1 | |a Scholz, Petr | |
| 700 | 1 | |a Veverková, Kristýna | |